| 000 | 00762cad a22002055a 4500 | ||
|---|---|---|---|
| 001 | L150474 | ||
| 008 | 100719e2010 xxk 000 0 eng d | ||
| 035 | _a(Sirsi) u150474 | ||
| 041 | 0 | _aeng | |
| 050 | _a549.66 $2 18 | ||
| 100 | 1 | _aSkiggs, Martin | |
| 245 | 0 | 4 |
_aThe management of asbestos _ba presentation _h[electronic resource] |
| 260 |
_a[S.I] _b[s.n.] _c2010 |
||
| 520 | _aExplanation, uses, health risks, dangers, safety, regulations, monitoring are all covered in depth. | ||
| 590 | _aKA NTK | ||
| 651 | 4 |
_aUnited Kingdom _y |
|
| 690 | _aMANAGEMENT-HEALTH AND SAFETY-HAZARDOUS SUBSTANCES-ASBESTOS | ||
| 856 | 4 | 8 |
_uhttps://www.rics.org/Global/Downloads/SkiggsManagementOfAsbestos100712.pps _zView this item free of charge at www.rics.org |
| 942 | _n0 | ||
| 999 |
_c82519 _d82519 |
||